000 00991nam a2200265 i 4500
003 CO-ViMGA
005 20230915224424.0
008 201202s2020 ck ao jr 000 f spa d
020 _a9789585591714
040 _aCO-ViMGA
_bspa
_cCO-ViMGA
084 _aN AND8
100 1 _aAndruetto, Mari­a Teresa
_d1954-
_eautora
_93526
245 1 0 _aLengua madre /
_cMari­a Teresa Andruetto
250 _aEdicion especial
260 _aBogota :
_bBabel Editores,
_c2020
300 _a285 paginas
_bilustraciones, fotografías
_c18 cm
490 0 _aPlan Nacional de Lectura y Escritura Leer es mi Cuento / Ministerio de Cultura
650 1 7 _2LEMB
_aAutores argentinos
_ySiglo XX
_9162079
650 1 7 _2LEMB
_aFamilia
_vNovela
_93914
650 1 7 _2LEMB
_aLiteratura juvenil argentina
_ySiglo XX
_975582
650 1 7 _2LEMB
_aMadres e hijas
_vNovela
_9155883
650 1 7 _2LEMB
_aNovela juvenil argentina
_zSiglo XX
_9161998
651 1 4 _aArgentina
_xHistoria
_vNovela
_9162046
942 _2ddc
_cBK
999 _c9067
_d9067